Đất vỡ hoang
Đã lưu trong:
| 主要作者: | |
|---|---|
| 格式: | 圖書 |
| 標簽: |
添加標簽
沒有標簽, 成為第一個標記此記錄!
|
| Thư viện lưu trữ: | Mạng thư viện Đại học Đà Nẵng |
|---|
| LEADER | 00666nam a2200217 4500 | ||
|---|---|---|---|
| 001 | 000004694 | ||
| 003 | 835 | ||
| 005 | 20150812140838.0 | ||
| 008 | 110803s sd | ||
| 100 | 0 | |a Sôlôkhốp.Mikhain | |
| 245 | 0 | 0 | |a Đất vỡ hoang |c Sôlôkhốp.Mikhain |
| 774 | |a Sôlôkhốp.Mikhain |d Cầu Vồng |d Liên Xô |d 1985 |g Tập 2 |h 442 tr. |w 841 | ||
| 774 | |a Sôlôkhốp.Mikhain |d Cầu Vồng |d Liên Xô |d 1985 |g Tập 1 |h 406 tr. |w 840 | ||
| OWN | |a LSP | ||
| 999 | |a From the UDN01 | ||
| TYP | |a Monograph | ||
| TYP | |a Printed language | ||
| 980 | |a Mạng thư viện Đại học Đà Nẵng | ||